000 00330 a2200145 4500
001 151919
040 _cEscola São Tomás de Aquino
240 1 0 _aSolos de violões e sonhos.
_lpor
245 1 0 _aSolos de violões e sonhos.
300 _a62
362 0 _a1997
440 1 _aFTD
697 _a*LITERATURA JUVENIL
942 _cBK
999 _c151919
_d151919